000 00674nam a2200289Ia 4500
005 20260324143919.0
008 008 260324s9999 xx 000 0 eng d
020 _a9780429036873
037 _aEBOOK
040 _aCRL
040 _beng
040 _cCRL
041 _2eng
041 _aeng
084 _qCRL
100 _aBaruch A. Hazan
_91217364
245 0 _aGorbachev And His Enemies
245 4 _bThe Struggle For Perestroika
260 _bTaylor and Francis
260 _c1990
365 _a
365 _b230
856 _uhttp://www.taylorfrancis.com/books/9780429036873
942 _cEBOOK
999 _c1823353
_d1823353